000 00421nam a2200145Ia 4500
008 100122s9999 xx 000 0 und d
082 _b31580
_a823
100 _aलवंगारे ज
245 _aप्रेमबंधन
260 _bललित नाटय प्रकाशन
_c1981
300 _a95
630 _aप्रेमबंधन
730 _aप्रेमबंधन
942 _cBOOK
999 _c416141
_d416138